Combating drug abuse: from knowledge to action / (Record no. 4555)
[ view plain ]
| 000 -LEADER | |
|---|---|
| fixed length control field | 00642nam a22002057i 4500 |
| 003 - CONTROL NUMBER IDENTIFIER | |
| control field | URS |
| 005 - DATE AND TIME OF LATEST TRANSACTION | |
| control field | 20220117120408.0 |
| 008 - FIXED-LENGTH DATA ELEMENTS--GENERAL INFORMATION | |
| fixed length control field | 180518b xxu||||| |||| 00| 0 eng d |
| 040 ## - CATALOGING SOURCE | |
| Description conventions | rda |
| Transcribing agency | URS |
| Language of cataloging | eng |
| 050 ## - LIBRARY OF CONGRESS CALL NUMBER | |
| Classification number | HF5549.5 |
| Item number | .G683 2002 |
| 100 ## - MAIN ENTRY--PERSONAL NAME | |
| Personal name | Gorospe-Ponce, Estela |
| 245 ## - TITLE STATEMENT | |
| Title | Combating drug abuse: from knowledge to action / |
| Statement of responsibility, etc. | Estela Gorospe - Ponce. -- |
| 264 #1 - PRODUCTION, PUBLICATION, DISTRIBUTION, MANUFACTURE, AND COPYRIGHT NOTICE | |
| Place of production, publication, distribution, manufacture | Manila : |
| Name of producer, publisher, distributor, manufacturer | Mary Jo Publishing House, |
| Date of production, publication, distribution, manufacture, or copyright notice | 2002. |
| 300 ## - PHYSICAL DESCRIPTION | |
| Extent | 155 pages : |
| Other physical details | illustrations ; |
| Dimensions | 23 cm |
| 336 ## - CONTENT TYPE | |
| Content type term | text |
| Content type code | txt |
| Source | rdacontent |
| 337 ## - MEDIA TYPE | |
| Media type term | unmediated |
| Media type code | n |
| Source | rdamedia |
| 338 ## - CARRIER TYPE | |
| Carrier type term | volume |
| Carrier type code | nc |
| Source | rdacarrier |
| 650 ## - SUBJECT ADDED ENTRY--TOPICAL TERM | |
| Topical term or geographic name entry element | Drug abuse -- Prevention. |
| 942 ## - ADDED ENTRY ELEMENTS (KOHA) | |
| Source of classification or shelving scheme | Library of Congress Classification |
| Koha item type | Filipiniana |
| Withdrawn status | Source of classification or shelving scheme | Damaged status | Not for loan | Collection code | Home library | Current library | Shelving location | Date acquired | Source of acquisition | Total Checkouts | Full call number | Barcode | Date last seen | Price effective from | Koha item type |
|---|---|---|---|---|---|---|---|---|---|---|---|---|---|---|---|
| Library of Congress Classification | Non-fiction | Antipolo College Library | Antipolo College Library | General Stacks | 05/18/2018 | Donation | HF5549.5 .G683 2002 | URSANT-00778 | 05/18/2018 | 05/18/2018 | Filipiniana | ||||
| Library of Congress Classification | Non-fiction | Antipolo College Library | Antipolo College Library | General Stacks | 05/18/2018 | Donation | HF5549.5 .G683 2002 | URSANT-00779 | 06/13/2018 | 05/18/2018 | Filipiniana | ||||
| Library of Congress Classification | Non-fiction | Antipolo College Library | Antipolo College Library | General Stacks | 05/18/2018 | Donation | HF5549.5 .G683 2002 | URSANT-00780 | 06/13/2018 | 05/18/2018 | Filipiniana | ||||
| Library of Congress Classification | Non-fiction | Antipolo College Library | Antipolo College Library | General Stacks | 05/18/2018 | Donation | HF5549.5 .G683 2002 | URSANT-00781 | 06/13/2018 | 05/18/2018 | Filipiniana | ||||
| Library of Congress Classification | Non-fiction | Antipolo College Library | Antipolo College Library | General Stacks | 05/18/2018 | Donation | HF5549.5 .G683 2002 | URSANT-00782 | 06/13/2018 | 05/18/2018 | Filipiniana | ||||
| Library of Congress Classification | Non-fiction | Antipolo College Library | Antipolo College Library | General Stacks | 05/18/2018 | Donation | HF5549.5 .G683 2002 | URSANT-00783 | 06/13/2018 | 05/18/2018 | Filipiniana | ||||
| Library of Congress Classification | Non-fiction | Antipolo College Library | Antipolo College Library | General Stacks | 05/18/2018 | Donation | HF5549.5 .G683 2002 | URSANT-00784 | 06/13/2018 | 05/18/2018 | Filipiniana | ||||
| Library of Congress Classification | Non-fiction | Antipolo College Library | Antipolo College Library | General Stacks | 05/18/2018 | Donation | HF5549.5 .G683 2002 | URSANT-00785 | 06/13/2018 | 05/18/2018 | Filipiniana | ||||
| Library of Congress Classification | Non-fiction | Antipolo College Library | Antipolo College Library | General Stacks | 05/18/2018 | Donation | HF5549.5 .G683 2002 | URSANT-00786 | 06/13/2018 | 05/18/2018 | Filipiniana | ||||
| Library of Congress Classification | Non-fiction | Antipolo College Library | Antipolo College Library | General Stacks | 05/18/2018 | Donation | HF5549.5 .G683 2002 | URSANT-00787 | 06/13/2018 | 05/18/2018 | Filipiniana | ||||
| Library of Congress Classification | Non-fiction | Antipolo College Library | Antipolo College Library | General Stacks | 05/18/2018 | Donation | HF5549.5 .G683 2002 | URSANT-00788 | 06/13/2018 | 05/18/2018 | Filipiniana | ||||
| Library of Congress Classification | Non-fiction | Antipolo College Library | Antipolo College Library | General Stacks | 05/18/2018 | Donation | HF5549.5 .G683 2002 | URSANT-00789 | 06/13/2018 | 05/18/2018 | Filipiniana | ||||
| Library of Congress Classification | Non-fiction | Antipolo College Library | Antipolo College Library | General Stacks | 05/18/2018 | Donation | HF5549.5 .G683 2002 | URSANT-00790 | 06/13/2018 | 05/18/2018 | Filipiniana | ||||
| Library of Congress Classification | Non-fiction | Antipolo College Library | Antipolo College Library | General Stacks | 05/18/2018 | Donation | HF5549.5 .G683 2002 | URSANT-00791 | 06/13/2018 | 05/18/2018 | Filipiniana | ||||
| Library of Congress Classification | Non-fiction | Antipolo College Library | Antipolo College Library | General Stacks | 05/18/2018 | Donation | HF5549.5 .G683 2002 | URSANT-00792 | 06/13/2018 | 05/18/2018 | Filipiniana | ||||
| Library of Congress Classification | Non-fiction | Antipolo College Library | Antipolo College Library | General Stacks | 05/18/2018 | Donation | HF5549.5 .G683 2002 | URSANT-00793 | 06/13/2018 | 05/18/2018 | Filipiniana | ||||
| Library of Congress Classification | Non-fiction | Antipolo College Library | Antipolo College Library | General Stacks | 05/18/2018 | Donation | HF5549.5 .G683 2002 | URSANT-00794 | 06/13/2018 | 05/18/2018 | Filipiniana | ||||
| Library of Congress Classification | Non-fiction | Antipolo College Library | Antipolo College Library | General Stacks | 05/18/2018 | Donation | HF5549.5 .G683 2002 | URSANT-00796 | 06/13/2018 | 05/18/2018 | Filipiniana | ||||
| Library of Congress Classification | Non-fiction | Antipolo College Library | Antipolo College Library | General Stacks | 05/18/2018 | Donation | HF5549.5 .G683 2002 | URSANT-00797 | 06/13/2018 | 05/18/2018 | Filipiniana |